Dungeon. (Record no. 31376)

MARC details
000 -LEADER
fixed length control field 02046nam a2200553 i 4500
001 - CONTROL NUMBER
control field jcplb26333144
003 - CONTROL NUMBER IDENTIFIER
control field QQ3
005 - DATE AND TIME OF LATEST TRANSACTION
control field 20251205035151.0
008 - FIXED-LENGTH DATA ELEMENTS--GENERAL INFORMATION
fixed length control field 220208m20032021nyua 6 000 1 eng d
020 ## - INTERNATIONAL STANDARD BOOK NUMBER
International Standard Book Number 9781681122809
Qualifying information (v. 1-2)
020 ## - INTERNATIONAL STANDARD BOOK NUMBER
International Standard Book Number 1681122804
Qualifying information (v. 1-2)
020 ## - INTERNATIONAL STANDARD BOOK NUMBER
International Standard Book Number 9781561635504
Qualifying information (v. 3)
-- (pbk.)
020 ## - INTERNATIONAL STANDARD BOOK NUMBER
International Standard Book Number 1561635502
Qualifying information (v. 3)
-- (pbk.)
020 ## - INTERNATIONAL STANDARD BOOK NUMBER
International Standard Book Number 9781681122823
Qualifying information (v. 4)
-- (pbk.)
020 ## - INTERNATIONAL STANDARD BOOK NUMBER
International Standard Book Number 1681122820
Qualifying information (v. 4)
-- (pbk)
040 ## - CATALOGING SOURCE
Original cataloging agency QQ3
Language of cataloging eng
Description conventions rda
Transcribing agency QQ3
041 1# - LANGUAGE CODE
Language code of text/sound track or separate title eng
Language code of original fre
082 04 - DEWEY DECIMAL CLASSIFICATION NUMBER
Classification number 741.5944
Edition number 22
092 0# - LOCALLY ASSIGNED DEWEY CALL NUMBER (OCLC)
Classification number 741.5944
Item number SFAR
100 1# - MAIN ENTRY--PERSONAL NAME
Personal name Sfar, Joann,
Relator term author.
240 10 - UNIFORM TITLE
Uniform title <a href="Donjon.">Donjon.</a>
Name of part/section of a work Z©♭nith.
Language of a work English.
245 10 - TITLE STATEMENT
Title Dungeon.
Name of part/section of a work Zenith /
Statement of responsibility, etc. Joann Sfar & Lewis Trondheim ; illustrated by Boulet.
264 #1 - PRODUCTION, PUBLICATION, DISTRIBUTION, MANUFACTURE, AND COPYRIGHT NOTICE
Place of production, publication, distribution, manufacture New York :
Name of producer, publisher, distributor, manufacturer NBM,
Date of production, publication, distribution, manufacture, or copyright notice [2003-2021]
264 #4 - PRODUCTION, PUBLICATION, DISTRIBUTION, MANUFACTURE, AND COPYRIGHT NOTICE
Date of production, publication, distribution, manufacture, or copyright notice ℗♭2003-2021.
300 ## - PHYSICAL DESCRIPTION
Extent 4 volumes :
Other physical details color illustrations ;
Dimensions 23-28 cm.
336 ## - CONTENT TYPE
Content type term text
Source rdacontent.
336 ## - CONTENT TYPE
Content type term still image
Source rdacontent.
337 ## - MEDIA TYPE
Media type term unmediated
Source rdamedia.
338 ## - CARRIER TYPE
Carrier type term volume
Source rdacarrier.
500 ## - GENERAL NOTE
General note Volume 3 originally published in 2 books: Un mariage a part and Retour en Fanfare.
500 ## - GENERAL NOTE
General note "Translated by Joe Johnson"--v. 4.
505 00 - FORMATTED CONTENTS NOTE
Miscellaneous information v. 1.
Title Duck heart --
Miscellaneous information v. 2.
Title The barbarian princess --
Miscellaneous information v. 3.
Title Back in style --
Miscellaneous information v. 4.
Title Outside the ramparts.
520 ## - SUMMARY, ETC.
Summary, etc. Tales of a dungeon and a talking duck who works as the dungeon keeper's flunky.
546 ## - LANGUAGE NOTE
Language note Translated from the French.
650 #0 - SUBJECT ADDED ENTRY--TOPICAL TERM
Topical term or geographic name as entry element Ducks
Form subdivision Comic books, strips, etc.
650 #0 - SUBJECT ADDED ENTRY--TOPICAL TERM
Topical term or geographic name as entry element Castles
Form subdivision Comic books, strips, etc.
650 #0 - SUBJECT ADDED ENTRY--TOPICAL TERM
Topical term or geographic name as entry element Dragons
Form subdivision Comic books, strips, etc.
650 #0 - SUBJECT ADDED ENTRY--TOPICAL TERM
Topical term or geographic name as entry element Monsters
Form subdivision Comic books, strips, etc.
655 #7 - INDEX TERM--GENRE/FORM
Genre/form data or focus term Graphic novels.
Source of term lcgft.
655 #7 - INDEX TERM--GENRE/FORM
Genre/form data or focus term Horror comics.
Source of term lcgft.
655 #7 - INDEX TERM--GENRE/FORM
Genre/form data or focus term Fantasy comics.
Source of term lcgft.
655 #7 - INDEX TERM--GENRE/FORM
Genre/form data or focus term Humorous comics.
Source of term lcgft.
655 #7 - INDEX TERM--GENRE/FORM
Genre/form data or focus term Comic books, strips, etc.
Geographic subdivision France.
Source of term local.
700 1# - ADDED ENTRY--PERSONAL NAME
Personal name Trondheim, Lewis,
Relator term author.
700 0# - ADDED ENTRY--PERSONAL NAME
Personal name Boulet,
Dates associated with a name 1975-
Relator term artist.
700 1# - ADDED ENTRY--PERSONAL NAME
Personal name Johnson, E. Joe
Fuller form of name (Edward Joe),
Relator term translator.
907 ## - LOCAL DATA ELEMENT G, LDG (RLIN)
a .b462113760
942 ## - ADDED ENTRY ELEMENTS (KOHA)
Koha item type Libro/Book
Holdings
Withdrawn status Lost status Damaged status Not for loan Home library Current library Date acquired Total Checkouts Full call number Barcode Date last seen Price effective from Koha item type
        San Juan Del Sur -- Biblioteca San Juan Del Sur -- Biblioteca 05/12/2025   JFG 30023654 05/12/2025 05/12/2025 Libro/Book

Powered by Koha